[Event "Olympiad Women-45"]
[Site "Budapest"]
[Date "2024.09.20"]
[Round "9.1"]
[White "Sulyok, Eszter"]
[Black "Gomez Barrera, Javiera Belen"]
[Result "0-1"]
[WhiteElo "2080"]
[BlackElo "2123"]
[PlyCount "92"]
[EventDate "2024.09.11"]
[EventType "team-swiss"]
[EventRounds "11"]
[EventCountry "HUN"]
[SourceTitle "EXT 2025"]
[Source "ChessBase"]
[SourceDate "2024.10.14"]
[SourceVersion "1"]
[SourceVersionDate "2024.10.14"]
[SourceQuality "1"]
[WhiteTeam "Hungary (W) III"]
[BlackTeam "Chile (W)"]
[WhiteTeamCountry "HUN"]
[BlackTeamCountry "CHI"]

1. c4 g6 2. d4 Bg7 3. Nc3 Nf6 4. e4 d6 5. h3 0-0 6. Be3 a5 7. g4 a4 8. Bg2 c5 9. Nge2 Qa5 10. 0-0 cxd4 11. Bxd4 Nc6 12. Nd5 Nxd4 13. Nxe7+ Kh8 14. Nxd4 Bd7 15. Nb5 Bxb5 16. cxb5 Qxb5 17. Rb1 Rfe8 18. Nd5 Nxd5 19. Qxd5 Qxd5 20. exd5 Re2 21. Rfe1 Rxb2 22. Rxb2 Bxb2 23. Re7 Rb8 24. Rxf7 b5 25. Ra7 Bd4 26. Ra5 Rf8 27. Rxb5 Rxf2 28. Ra5 Rxa2+ 29. Kh2 g5 30. Kg3 Bf2+ 31. Kf3 Bc5 32. Bh1 a3 33. Ke4 Rd2 34. Kf5 a2 35. Ke6 Bd4 36. Rb5 a1Q 37. Rb8+ Kg7 38. Rb7+ Kh6 39. Be4 Bg7 40. Bf5 Qe5+ 41. Kd7 Qxd5 42. Rc7 Rb2 43. Be6 Qb5+ 44. Ke7 Re2 45. Kf7 Qe5 46. Re7 Qf6+ 0-1

[Event "Wch U20 Girls 40th"]
[Site "Gandhinagar"]
[Date "2024.06.04"]
[Round "3"]
[White "Bhagyashree, Patil"]
[Black "Sulyok, Eszter"]
[Result "1-0"]
[WhiteElo "1929"]
[BlackElo "2100"]
[PlyCount "69"]
[EventDate "2024.06.02"]
[EventType "swiss"]
[EventRounds "11"]
[EventCountry "IND"]
[SourceTitle "CBM 220 Extra"]
[Source "ChessBase"]
[SourceDate "2024.07.31"]
[SourceVersion "1"]
[SourceVersionDate "2024.07.31"]
[SourceQuality "1"]

1. d4 d5 2. Nf3 c6 3. e3 Bf5 4. c4 e6 5. Nc3 Nd7 6. Qb3 Qc7 7. Bd2 Rc8 8. Be2 h6 9. 0-0 Ngf6 10. Rac1 Qb8 11. Ne5 Nxe5 12. dxe5 Nd7 13. cxd5 Nc5 14. Qd1 exd5 15. g4 Bh7 16. f4 Nd3 17. Bxd3 Bxd3 18. Ne2 Bh7 19. Ng3 Qc7 20. Qf3 Qd7 21. Bc3 Rg8 22. Rcd1 Bc5 23. Rd2 Qe7 24. a3 f6 25. Kh1 Kf7 26. e4 dxe4 27. Nxe4 Bxe4 28. Qxe4 Rgd8 29. Rfd1 Bb6 30. Qf5 Kg8 31. exf6 Qe3 32. f7+ Kf8 33. Rxd8+ Rxd8 34. Rxd8+ Bxd8 35. Bxg7+ 1-0

[Event "EU-ch U18 Girls rapid"]
[Site "Terme Catez"]
[Date "2023.09.28"]
[Round "3"]
[White "Rozmanec, Pia"]
[Black "Sulyok, Eszter"]
[Result "0-1"]
[WhiteElo "1775"]
[BlackElo "1857"]
[PlyCount "76"]
[EventDate "2023.09.28"]
[EventType "swiss (rapid)"]
[EventRounds "9"]
[EventCountry "SLO"]
[SourceTitle "EXT 2024"]
[Source "ChessBase"]
[SourceDate "2023.10.10"]
[SourceVersion "1"]
[SourceVersionDate "2023.10.10"]
[SourceQuality "1"]

1. e4 c5 2. Nf3 e6 3. Nc3 Nc6 4. d4 cxd4 5. Nxd4 Qc7 6. Nxc6 dxc6 7. Bd3 e5 8. Be3 Nf6 9. f3 Be6 10. Qd2 Be7 11. 0-0 0-0 12. h3 Nh5 13. Ne2 c5 14. c4 Rfd8 15. Qc3 Nf4 16. Rad1 Bg5 17. Bf2 Rxd3 18. Qc2 Nxe2+ 19. Qxe2 Rdd8 20. h4 Bf6 21. g4 h6 22. Bg3 Qe7 23. h5 Bh4 24. Bh2 Bf6 25. b3 Rd4 26. Rc1 Rad8 27. Rc2 Qd7 28. Rf2 Bh4 29. Rf1 f6 30. Qe3 Bg5 31. f4 exf4 32. Bxf4 Bxf4 33. Qxf4 Rd1 34. Rcf2 Rxf1+ 35. Rxf1 Bxg4 36. Rf2 Bxh5 37. Rg2 Qd1+ 38. Kh2 Qd6 0-1

[Event "HUN-ch U20 Girls"]
[Site "Budapest"]
[Date "2023.02.23"]
[Round "5"]
[White "Sulyok, Eszter"]
[Black "Harkai, Emma"]
[Result "1-0"]
[WhiteElo "1955"]
[BlackElo "1829"]
[PlyCount "119"]
[EventDate "2023.02.20"]
[EventType "swiss"]
[EventRounds "9"]
[EventCountry "HUN"]
[SourceTitle "EXT 2024"]
[Source "ChessBase"]
[SourceDate "2023.10.10"]
[SourceVersion "1"]
[SourceVersionDate "2023.10.10"]
[SourceQuality "1"]

1. c4 e6 2. Nf3 d5 3. e3 Nf6 4. b3 Be7 5. Bb2 c5 6. cxd5 exd5 7. d4 Nc6 8. dxc5 Bxc5 9. Be2 Bf5 10. 0-0 0-0 11. Na3 Be4 12. Rc1 Bb6 13. Nb5 a6 14. Nbd4 Qd6 15. Nh4 Bc7 16. g3 Nxd4 17. Bxd4 Nd7 18. f3 Bg6 19. Nxg6 hxg6 20. Qd2 Rfe8 21. Kf2 Rac8 22. Rfd1 Qe6 23. Bf1 g5 24. Rc2 Ne5 25. Bxe5 Qxe5 26. Kg2 Rcd8 27. Rc5 Bb6 28. Rxd5 Rxd5 29. Qxd5 Qxe3 30. Qxb7 Qf2+ 31. Kh3 Re6 32. Qa8+ Kh7 33. Bd3+ g6 34. Bc4 Re7 35. Rf1 Qxa2 36. Qf8 Bc5 37. Qc8 Bb4 38. Rd1 Qc2 39. Rd8 Qf5+ 40. Qxf5 gxf5 41. Rd5 a5 42. Rxf5 Kg6 43. Bd3 Re3 44. Be4 f6 45. Rb5+ Kf7 46. Kg4 Rc3 47. Bd5+ Kg6 48. Rb6 Rc5 49. Be4+ Kg7 50. Rb7+ Kf8 51. Bg6 Bc3 52. h4 gxh4 53. gxh4 Be5 54. f4 Bb2 55. h5 Rc1 56. h6 Rg1+ 57. Kf5 Rh1 58. h7 Bc3 59. Rb8+ Kg7 60. Rg8+ 1-0

[Event "HUN-ch U20 Girls"]
[Site "Budapest"]
[Date "2023.02.22"]
[Round "3"]
[White "Sulyok, Eszter"]
[Black "Buri, Kata"]
[Result "1/2-1/2"]
[WhiteElo "1955"]
[BlackElo "1853"]
[PlyCount "107"]
[EventDate "2023.02.20"]
[EventType "swiss"]
[EventRounds "9"]
[EventCountry "HUN"]
[SourceTitle "EXT 2024"]
[Source "ChessBase"]
[SourceDate "2023.10.10"]
[SourceVersion "1"]
[SourceVersionDate "2023.10.10"]
[SourceQuality "1"]

1. c4 c5 2. Nc3 Nc6 3. g3 g6 4. Bg2 Bg7 5. d3 d6 6. Qd2 e5 7. b3 Nge7 8. Bb2 0-0 9. e3 Rb8 10. Nge2 a6 11. 0-0 b5 12. Nd5 Nxd5 13. cxd5 Ne7 14. d4 exd4 15. exd4 c4 16. bxc4 bxc4 17. Ba3 Bb7 18. Qf4 Qa5 19. Bxd6 Nxd5 20. Qg5 h6 21. Qc1 Rbc8 22. Bxf8 Bxf8 23. a3 Bg7 24. Qc2 c3 25. Rfc1 h5 26. Qb3 Bc6 27. Ra2 Bh6 28. Rcc2 Bd2 29. Nc1 Qd8 30. Rxd2 cxd2 31. Rxd2 Qa5 32. Qb2 Nf6 33. Nb3 Qf5 34. Nc5 Bxg2 35. Kxg2 h4 36. h3 Qd5+ 37. Kh2 hxg3+ 38. fxg3 Qd6 39. Rg2 Nd5 40. Qe2 Nc3 41. Qxa6 Qxa6 42. Nxa6 Ra8 43. Rc2 Nb5 44. Nc7 Nxc7 45. Rxc7 Rxa3 46. h4 Rd3 47. Rd7 Kf8 48. Kh3 Ke8 49. Rd5 Ke7 50. Kg4 f5+ 51. Kf4 Ke6 52. Re5+ Kf6 53. Rd5 Ke6 54. Re5+ 1/2-1/2

[Event "HUN-chT2 Breyer 2223"]
[Site "Hungary"]
[Date "2023.02.12"]
[Round "7.8"]
[White "Sulyok, Eszter"]
[Black "Gondor, Jakab"]
[Result "1-0"]
[WhiteElo "2011"]
[BlackElo "1456"]
[PlyCount "47"]
[EventDate "2022.10.16"]
[EventType "team-tourn"]
[EventRounds "11"]
[EventCountry "HUN"]
[SourceTitle "EXT 2025"]
[Source "ChessBase"]
[SourceDate "2024.10.14"]
[SourceVersion "1"]
[SourceVersionDate "2024.10.14"]
[SourceQuality "1"]
[WhiteTeam "Biatorbagy II"]
[BlackTeam "Budapest MTK II"]
[WhiteTeamCountry "HUN"]
[BlackTeamCountry "HUN"]

1. c4 Nf6 2. Nc3 e6 3. e4 d5 4. e5 d4 5. exf6 dxc3 6. bxc3 Qxf6 7. d4 b6 8. Nf3 h6 9. Be2 Be7 10. Ne5 Bb7 11. Qa4+ Kf8 12. 0-0 g6 13. c5 Kg7 14. c6 Bc8 15. Be3 h5 16. Bd3 Bd6 17. f4 Qe7 18. g4 Bxe5 19. fxe5 Rd8 20. Rf6 a5 21. Raf1 Rf8 22. Bxg6 Qb4 23. Qc2 Nxc6 24. Bxf7 1-0

[Event "EU-ch U18 Girls 30th"]
[Site "Antalya"]
[Date "2022.11.13"]
[Round "8"]
[White "Sulyok, Eszter"]
[Black "Obada, Ema"]
[Result "1-0"]
[WhiteElo "2008"]
[BlackElo "2054"]
[PlyCount "35"]
[EventDate "2022.11.06"]
[EventType "swiss"]
[EventRounds "9"]
[EventCountry "TUR"]
[SourceTitle "EXT 2024"]
[Source "ChessBase"]
[SourceDate "2023.10.10"]
[SourceVersion "1"]
[SourceVersionDate "2023.10.10"]
[SourceQuality "1"]

1. c4 e6 2. g3 Nf6 3. Bg2 d5 4. Nf3 dxc4 5. Qa4+ c6 6. Qxc4 b5 7. Qc2 Bb7 8. 0-0 Nbd7 9. b3 Be7 10. Bb2 Bc8 11. d3 0-0 12. Nbd2 c5 13. Rfc1 Qb6 14. Qd1 Rd8 15. a4 a6 16. Ba3 Rb8 17. axb5 axb5 18. d4 1-0

[Event "EU-ch U18 Girls 30th"]
[Site "Antalya"]
[Date "2022.11.09"]
[Round "4"]
[White "Sulyok, Eszter"]
[Black "Elma, Muge"]
[Result "1-0"]
[WhiteElo "2008"]
[BlackElo "1708"]
[PlyCount "61"]
[EventDate "2022.11.06"]
[EventType "swiss"]
[EventRounds "9"]
[EventCountry "TUR"]
[SourceTitle "EXT 2024"]
[Source "ChessBase"]
[SourceDate "2023.10.10"]
[SourceVersion "1"]
[SourceVersionDate "2023.10.10"]
[SourceQuality "1"]

1. c4 Nf6 2. Nc3 d5 3. cxd5 Nxd5 4. Nf3 g6 5. h4 h5 6. Qb3 Nxc3 7. Qxc3 Rg8 8. e4 Bg7 9. Qb3 Nc6 10. Bb5 Bd7 11. 0-0 Na5 12. Qb4 Bxb5 13. Qxb5+ c6 14. Qe2 b6 15. d4 Qd7 16. b4 Nb7 17. Bf4 Nd6 18. Rac1 Rc8 19. Rfd1 Qg4 20. Bxd6 exd6 21. e5 dxe5 22. dxe5 Kf8 23. Rc4 Qf5 24. Qe3 Rh8 25. Rf4 Bh6 26. Ng5 Bxg5 27. hxg5 Qc2 28. Rd7 Rh7 29. e6 Qxa2 30. Qe5 Ke8 31. Rdxf7 1-0

[Event "EU-ch U18 Girls 30th"]
[Site "Antalya"]
[Date "2022.11.08"]
[Round "3"]
[White "Loskutova, Viktoriya"]
[Black "Sulyok, Eszter"]
[Result "1-0"]
[WhiteElo "2076"]
[BlackElo "2008"]
[PlyCount "95"]
[EventDate "2022.11.06"]
[EventType "swiss"]
[EventRounds "9"]
[EventCountry "TUR"]
[SourceTitle "CBM 211 Extra"]
[Source "ChessBase"]
[SourceDate "2023.01.31"]
[SourceVersion "1"]
[SourceVersionDate "2023.01.31"]
[SourceQuality "1"]

1. e4 c5 2. Nf3 a6 3. c4 Nc6 4. d4 cxd4 5. Nxd4 e5 6. Nf5 Nf6 7. Nc3 d5 8. cxd5 Nxe4 9. Nxg7+ Bxg7 10. dxc6 Qxd1+ 11. Nxd1 bxc6 12. Be3 0-0 13. Rc1 Bb7 14. Nc3 Nxc3 15. Rxc3 Rfd8 16. Bc4 Rd7 17. Ke2 Rad8 18. Bg5 Rc8 19. Rd1 Rxd1 20. Kxd1 c5 21. Rd3 Bxg2 22. Rg3 Be4 23. Bxa6 Rc7 24. Bc4 Kf8 25. Rb3 f6 26. Rb8+ Ke7 27. Bd2 f5 28. Ke2 Kf6 29. f3 Bb7 30. Ba5 Rd7 31. Bb5 Bxf3+ 32. Kxf3 Ra7 33. Bd8+ Ke6 34. Bb6 e4+ 35. Ke2 Re7 36. Bxc5 Rc7 37. Bc4+ Kf6 38. b4 f4 39. Re8 Kf5 40. Re7 f3+ 41. Ke3 Bh6+ 42. Kf2 Rxe7 43. Bxe7 Bf4 44. h3 Bd2 45. b5 Ba5 46. Bc5 Bd8 47. b6 Bh4+ 48. Kf1 1-0

[Event "EU-ch U18 Girls 30th"]
[Site "Antalya"]
[Date "2022.11.07"]
[Round "2"]
[White "Sulyok, Eszter"]
[Black "Yakimova, Mariya"]
[Result "1/2-1/2"]
[WhiteElo "2008"]
[BlackElo "2234"]
[PlyCount "119"]
[EventDate "2022.11.06"]
[EventType "swiss"]
[EventRounds "9"]
[EventCountry "TUR"]
[SourceTitle "CBM 211 Extra"]
[Source "ChessBase"]
[SourceDate "2023.01.31"]
[SourceVersion "1"]
[SourceVersionDate "2023.01.31"]
[SourceQuality "1"]

1. c4 Nf6 2. Nc3 g6 3. g3 Bg7 4. Bg2 0-0 5. e3 d6 6. Nge2 c5 7. 0-0 Nc6 8. d3 Bd7 9. a3 Qc8 10. Rb1 Bh3 11. b4 Bxg2 12. Kxg2 Rd8 13. b5 Ne5 14. f4 Ned7 15. a4 e6 16. Qb3 d5 17. e4 dxc4 18. dxc4 b6 19. Qc2 Qb7 20. Kg1 Ng4 21. h3 Nh6 22. Bb2 Nf6 23. e5 Ne8 24. Ne4 Nf5 25. Kf2 Nd4 26. Nxd4 cxd4 27. Qd3 a6 28. Bxd4 axb5 29. Rxb5 Rxa4 30. Nc3 Ra3 31. Qe3 Qc6 32. Bxb6 Rda8 33. Qe4 Qc8 34. Ne2 f5 35. Qd4 Qc6 36. Kg1 Ra2 37. Rb2 Rxb2 38. Qxb2 Qxc4 39. Bf2 Ra2 40. Qb8 Rxe2 41. Qxe8+ Bf8 42. h4 Rc2 43. h5 Qc6 44. Qd8 Qc8 45. Qd1 Kf7 46. hxg6+ hxg6 47. Qf3 Qc6 48. Qxc6 Rxc6 49. Rb1 g5 50. Rb8 g4 51. Rb7+ Be7 52. Rb6 Rxb6 53. Bxb6 Ke8 54. Kg2 Kd7 55. Bd4 Kc6 56. Bc3 Kd5 57. Ba5 Bc5 58. Bd8 Ke4 59. Bh4 Be3 60. Bg5 1/2-1/2

[Event "HUN-chT U18"]
[Site "Budapest"]
[Date "2022.11.02"]
[Round "5.2"]
[White "Turcsanyi, Vince Gergo"]
[Black "Sulyok, Eszter"]
[Result "1/2-1/2"]
[WhiteElo "2069"]
[BlackElo "2011"]
[PlyCount "83"]
[EventDate "2022.10.31"]
[EventType "team-swiss"]
[EventRounds "7"]
[EventCountry "HUN"]
[SourceTitle "CBM 211 Extra"]
[Source "ChessBase"]
[SourceDate "2023.01.31"]
[SourceVersion "1"]
[SourceVersionDate "2023.01.31"]
[SourceQuality "1"]
[WhiteTeam "DVTK SE"]
[BlackTeam "Biatorbagy"]
[WhiteTeamCountry "HUN"]
[BlackTeamCountry "HUN"]

1. e4 c5 2. Nf3 a6 3. Nc3 Nc6 4. d4 cxd4 5. Nxd4 e6 6. g3 Qc7 7. Bg2 Nf6 8. Nb3 Be7 9. 0-0 0-0 10. f4 d6 11. g4 Re8 12. g5 Nd7 13. Qh5 g6 14. Qh6 Bf8 15. Qh4 Nb4 16. Qf2 Nb6 17. a3 Nc6 18. Qh4 Qe7 19. Qg3 Nc4 20. h4 b5 21. Ne2 Rb8 22. h5 Bb7 23. c3 d5 24. e5 a5 25. Ned4 a4 26. Nxc6 Bxc6 27. Nd4 Qd7 28. Rb1 Bc5 29. Qd3 Qa7 30. Rd1 Rec8 31. Be3 Nxe3 32. Qxe3 Bxd4 33. Qxd4 Qxd4+ 34. Rxd4 Bd7 35. Bf1 Kf8 36. Kf2 Ke7 37. Ke3 Rh8 38. h6 Rhc8 39. Rb4 Rc5 40. Kd2 Rbc8 41. Rd4 Kd8 42. Rb4 1/2-1/2

[Event "EU-chT U18 Girls"]
[Site "Thessaloniki"]
[Date "2022.07.13"]
[Round "2.2"]
[White "Mihelic, Vesna"]
[Black "Sulyok, Eszter"]
[Result "1-0"]
[WhiteElo "2029"]
[BlackElo "2091"]
[PlyCount "81"]
[EventDate "2022.07.12"]
[EventType "team-swiss"]
[EventRounds "7"]
[EventCountry "GRE"]
[SourceTitle "EXT 2023"]
[Source "ChessBase"]
[SourceDate "2022.10.05"]
[SourceVersion "1"]
[SourceVersionDate "2022.10.05"]
[SourceQuality "1"]
[WhiteTeam "Slovenia U18"]
[BlackTeam "Hungary U18"]
[WhiteTeamCountry "SLO"]
[BlackTeamCountry "HUN"]

1. e4 c5 2. Nf3 e6 3. c3 d5 4. exd5 Qxd5 5. d4 Nf6 6. Be2 cxd4 7. cxd4 Nc6 8. 0-0 Be7 9. Nc3 Qd6 10. Nb5 Qd8 11. Bf4 0-0 12. Bc7 Qe8 13. Ne5 Nxe5 14. dxe5 Nd5 15. Rc1 a6 16. Nd6 Qd7 17. Ne4 b6 18. Bf3 Ra7 19. Bd6 Bb7 20. Bxe7 Qxe7 21. Nd6 Rd8 22. Bxd5 exd5 23. Qd4 Qd7 24. Qxb6 Ba8 25. Nxf7 Rf8 26. e6 Qe7 27. Rfe1 Rb7 28. Qd6 Qe8 29. b3 Re7 30. Rc7 Rxc7 31. Qxc7 d4 32. Qd6 Qb5 33. e7 Re8 34. Ne5 Qd5 35. Qxd5+ Bxd5 36. Nc4 Bxc4 37. bxc4 Kf7 38. Kf1 d3 39. Re3 Rxe7 40. Rxe7+ Kxe7 41. Ke1 1-0

[Event "HUN-chT2 Breyer 2122"]
[Site "Hungary"]
[Date "2022.04.10"]
[Round "9.7"]
[White "Sulyok, Eszter"]
[Black "Ferencz, Istvan"]
[Result "1-0"]
[WhiteElo "1913"]
[BlackElo "2013"]
[PlyCount "87"]
[EventDate "2021.10.10"]
[EventType "team-tourn"]
[EventRounds "9"]
[EventCountry "HUN"]
[SourceTitle "EXT 2025"]
[Source "ChessBase"]
[SourceDate "2024.10.14"]
[SourceVersion "1"]
[SourceVersionDate "2024.10.14"]
[SourceQuality "1"]
[WhiteTeam "Biatorbagy II"]
[BlackTeam "Esztergom"]
[WhiteTeamCountry "HUN"]
[BlackTeamCountry "HUN"]

1. c4 e6 2. g3 d5 3. Bg2 Nf6 4. Nf3 Be7 5. 0-0 0-0 6. d4 c6 7. b3 Nbd7 8. Nc3 Re8 9. Bb2 Nf8 10. Qc2 Ng6 11. Rfe1 Rb8 12. e4 dxe4 13. Nxe4 Nxe4 14. Qxe4 Bf6 15. Ne5 Qc7 16. c5 Rd8 17. Rad1 Bd7 18. Bc1 Nxe5 19. dxe5 Be7 20. b4 Be8 21. f4 Rxd1 22. Rxd1 Rd8 23. Qc2 a5 24. a3 axb4 25. axb4 b6 26. Be3 bxc5 27. Rxd8 Qxd8 28. bxc5 Qa5 29. Qc1 g6 30. h3 h5 31. Kh2 Kg7 32. Qc2 Qa3 33. Bf2 Qb4 34. Qc1 Kg8 35. Bf3 Qb3 36. Kg2 Qb4 37. Qc2 h4 38. gxh4 Qxf4 39. Qe4 Qd2 40. Kg3 Qc3 41. Qd4 Qc1 42. Qb4 Qf1 43. Be3 Qe1+ 44. Qxe1 1-0

[Event "EU-ch Hybrid U16 Girls"]
[Site "Tornelo INT"]
[Date "2021.10.15"]
[Round "5"]
[White "Kara, Gulce Nehir"]
[Black "Sulyok, Eszter"]
[Result "1-0"]
[WhiteElo "1766"]
[BlackElo "1913"]
[PlyCount "75"]
[EventDate "2021.10.15"]
[EventType "swiss"]
[EventRounds "9"]
[EventCountry "NET"]
[SourceTitle "EXT 2023"]
[Source "ChessBase"]
[SourceDate "2022.10.05"]
[SourceVersion "1"]
[SourceVersionDate "2022.10.05"]
[SourceQuality "1"]
[WhiteTeam "Turkey"]
[BlackTeam "Hungary"]
[WhiteTeamCountry "TUR"]
[BlackTeamCountry "HUN"]

1. e4 c5 2. Nf3 e6 3. c3 d5 4. exd5 exd5 5. Bb5+ Bd7 6. Bxd7+ Qxd7 7. Ne5 Qe6 8. 0-0 Bd6 9. Qa4+ Nd7 10. Nf3 Ne7 11. Re1 Qf5 12. Na3 Kd8 13. d4 Nc6 14. Nb5 Bb8 15. dxc5 Nxc5 16. Qh4+ f6 17. Be3 Ne4 18. Red1 Ke7 19. Nfd4 Qd7 20. f3 Nd6 21. Nxd6 Bxd6 22. Nb5 Rad8 23. Kh1 a6 24. Nxd6 Qxd6 25. Bf4 Qc5 26. Re1+ Kf7 27. Qg4 g5 28. Bc7 Rc8 29. Qd7+ Kg6 30. f4 d4 31. fxg5 Qxg5 32. cxd4 Nxd4 33. Re4 Nf5 34. Rf1 Nh6 35. h4 Qb5 36. Rxf6+ Kxf6 37. Qe7+ Kf5 38. Qe6# 1-0